|
|
|
|
| LEADER |
01596nam a2200421 a 4500 |
| 001 |
EBC731244 |
| 003 |
MiAaPQ |
| 005 |
20200520144314.0 |
| 006 |
m o d | |
| 007 |
cr cn||||||||| |
| 008 |
100818s2010 si a sb 000 0 eng d |
| 010 |
|
|
|z 2010353549
|
| 020 |
|
|
|z 9789814317955 (pbk.)
|
| 020 |
|
|
|z 9814317950 (pbk.)
|
| 020 |
|
|
|z 9789814317948 (hard)
|
| 020 |
|
|
|z 9814317942 (hard)
|
| 020 |
|
|
|a 9789814317962 (electronic bk.)
|
| 035 |
|
|
|a (MiAaPQ)EBC731244
|
| 035 |
|
|
|a (Au-PeEL)EBL731244
|
| 035 |
|
|
|a (CaPaEBR)ebr10479980
|
| 035 |
|
|
|a (CaONFJC)MIL314493
|
| 035 |
|
|
|a (OCoLC)740446104
|
| 040 |
|
|
|a MiAaPQ
|c MiAaPQ
|d MiAaPQ
|
| 043 |
|
|
|a a-cc---
|
| 050 |
|
4 |
|a HC427.95
|b .C49 2010
|
| 100 |
1 |
|
|a Chow, Gregory C.,
|d 1929-
|
| 245 |
1 |
0 |
|a Interpreting China's economy
|h [electronic resource] /
|c Gregory C. Chow.
|
| 246 |
3 |
0 |
|a China's economy
|
| 260 |
|
|
|a Singapore ;
|a Hackensack, N.J. :
|b World Scientific,
|c c2010.
|
| 300 |
|
|
|a viii, 288 p. :
|b ill.
|
| 504 |
|
|
|a Includes bibliographical references.
|
| 505 |
0 |
|
|a pt. 1. Economic development -- pt. 2. Economic analysis -- pt. 3. Economic policy -- pt. 4. Thoughts about the American economy.
|
| 533 |
|
|
|a Electronic reproduction. Ann Arbor, MI : ProQuest, 2015. Available via World Wide Web. Access may be limited to ProQuest affiliated libraries.
|
| 651 |
|
0 |
|a China
|x Economic conditions
|y 2000-
|
| 651 |
|
0 |
|a China
|x Economic policy
|y 2000-
|
| 655 |
|
4 |
|a Electronic books.
|
| 710 |
2 |
|
|a ProQuest (Firm)
|
| 856 |
4 |
0 |
|u https://ebookcentral.proquest.com/lib/matrademy/detail.action?docID=731244
|z Click to View
|